Central Library OPAC University of Rajshahi

FISH : (Record no. 67063)

MARC details
000 -LEADER
fixed length control field 01011nam a2200289 a 4500
001 - CONTROL NUMBER
control field 67063
003 - CONTROL NUMBER IDENTIFIER
rucl marc code BD-RjUL
005 - DATE AND TIME OF LATEST TRANSACTION
control field 20211209081618.0
008 - FIXED-LENGTH DATA ELEMENTS--GENERAL INFORMATION
fixed length control field 020923s2002 enkaf b 001 0 eng
020 ## - INTERNATIONAL STANDARD BOOK NUMBER
International Standard Book Number 0199638837
International Standard Book Number 0199638845 (pbk.)
035 ## - SYSTEM CONTROL NUMBER
System control number (BD-RjUL)67194
040 ## - CATALOGING SOURCE
Original cataloging agency UKM
Transcribing agency UKM
Modifying agency KKS
-- DLC
-- BD-RjUL
Language of cataloging eng
041 ## - LANGUAGE CODE
Language code of text/sound track or separate title eng
082 04 - DEWEY DECIMAL CLASSIFICATION NUMBER
Edition number 23
Classification number 616.0758
Author mark and year FIS 2002
245 00 - TITLE STATEMENT
Title FISH :
Remainder of title a practical approach /
Statement of responsibility, etc. edited by Barbara Beatty, Sabine Mai and Jeremy Squire.
260 ## - PUBLICATION, DISTRIBUTION, ETC. (IMPRINT)
Place of publication, distribution, etc. Oxford ;
-- New York :
Name of publisher, distributor, etc. Oxford University Press,
Date of publication, distribution, etc. 2002.
300 ## - PHYSICAL DESCRIPTION
Pagination xvii, 255 p. :
Illustrations ill. ;
Size 26 cm.
504 ## - BIBLIOGRAPHY, ETC. NOTE
Bibliography, etc Includes bibliographical references and index.
650 #0 - SUBJECT ADDED ENTRY--TOPICAL TERM
Topical term or geographic name as entry element Fluorescence in situ hybridization (Fish)
9 (RLIN) 198635
700 1# - ADDED ENTRY--PERSONAL NAME
Personal name Beatty, Barbara,
Dates associated with a name 1944-
Personal name Mai, Sabine.
Personal name Squire, Jeremy,
Dates associated with a name 1950-
830 ## - SERIES ADDED ENTRY--UNIFORM TITLE
Uniform title The practical approach series ;
Volume number/sequential designation no. 260
942 ## - ADDED ENTRY ELEMENTS (KOHA)
Source of classification or shelving scheme Dewey Decimal Classification
Koha item type Books
Holdings
Lost status Source of classification or shelving scheme Damaged status Not for loan Collection code Permanent Location Current Location Shelving location Date acquired Source of acquisition Cost, normal purchase price Total Checkouts Full call number Date last seen Copy number Koha item type
  Dewey Decimal Classification   Not For Loan Non-fiction Central Library, University of Rajshahi Central Library, University of Rajshahi Reading Room 13/05/2007 Paragon enterprise, Dhaka 50.00   616.0758 FIS 2002 22/03/2017 C-1 Books